000 00778nam a2200241Ia 4500
003 GCL
008 140319s9999 xx 000 0 ara d
040 _aGCL /
_cGCL
082 0 4 _a953
_bع د
100 1 _aفتحية النبراوى
245 1 0 _aدراسات فى الحضارة الاسلامية /
_cفتحية النبراوى
700 1 _aعبدالمنعم ماجد
700 1 _aعبدالعزيز محمد الشناوى
260 _a[S.N] :
_bالهيئة المصرية العامة للكتاب ،
_c1985
300 _a461 ص
490 _a
650 0 4 _aمصر
650 0 4 _aتاريخ
650 0 4 _aالاقتصاد الاسلامى
650 0 4 _aالتاريخ الاسلامى
650 0 4 _aالحضارة الاسلامية
942 _2ddc
_cBK
999 _c29513
_d29513